000 00766nam a2200229Ia 4500
001 10220
003 GE_BSU
008 181216s||||||||xx |||||||||||||| ||und||
020 _a9992839260
040 _cGE_BSU
080 _a821.353.1–32
100 _aსამადაშვილი,ზაალ
245 _aალი გამურულ შუშაში.მოთხრობები
245 _cრედ.ლევან თითმერია.მხატვ.მიმინოშვილი.
260 _aთბილისი
260 _bსაარი
260 _c2001
300 _a379გვ.18სმ.
653 _aალი გამურულ შუშაში.
653 _aმოთხრობები
942 _cBK
999 _c43489
_d43489